| 000 | 00380nam a22001457a 4500 | ||
|---|---|---|---|
| 020 | _a9789695037208 | ||
| 082 |
_a891.4394 _bMUF |
||
| 100 | _aMufti, Mumtaz | ||
| 245 |
_aAukhay Avalray / _cMumtaz Mufti |
||
| 260 |
_aLahore : _bAl-Faisal Nashran, _c2020. |
||
| 300 |
_a236 p. ; _c22 cm. |
||
| 563 | _aHBK. | ||
| 880 |
_6245-02\r _aاوکھے اولڑے / |
||
| 942 |
_2ddc _cBK |
||
| 999 |
_c594545 _d594545 |
||